| 000 | 01530cam a22003255a 4500 | ||
|---|---|---|---|
| 001 | 16241457 | ||
| 005 | 20161015111511.0 | ||
| 008 | 100519s2009 enk frb 001 0 eng d | ||
| 010 | _a 2010285493 | ||
| 020 | _a9781848850279 | ||
| 040 |
_aDLC _beng _cDLC _dEG-ScBUE |
||
| 043 | _af------ | ||
| 082 | 0 | 4 |
_a333.910096 _bSTE _222 |
| 100 | 1 | _aStewart, Amy. | |
| 245 | 1 | 4 |
_aThe governance of water and sanitation in Africa : _bachieving sustainable development through partnerships / _cAmy Stewart, Tim Gray. |
| 260 |
_aLondon ; _aNew York ; _bTauris Academic Studies, _c2009. |
||
| 300 |
_axiv, 286 p. ; _c21 cm. |
||
| 490 | 0 |
_aInternational Library of African Studies ; _v27 |
|
| 500 | _aIncludes index. | ||
| 504 | _aBibliography : p. 247-278. | ||
| 520 | 8 | _aThe politics of water have taken centre state in global concerns about sustainable development. This text investigates a new mode of achieving the Millennium Development Goal of halving the number of people who lack access to safe water and sanitation by 2015. | |
| 650 | 0 |
_aWater resources development _xGovernment policy _zAfrica. _2BUEsh |
|
| 651 | _2BUEsh | ||
| 653 |
_bBUSBOL _cOctober2016 |
||
| 700 | 1 | _aGray, Tim. | |
| 856 | 4 | 2 |
_3Contributor biographical information _uhttp://www.loc.gov/catdir/enhancements/fy1010/2010285493-b.html |
| 856 | 4 | 2 |
_3Publisher description _uhttp://www.loc.gov/catdir/enhancements/fy1010/2010285493-d.html |
| 856 | 4 | 1 |
_3Table of contents only _uhttp://www.loc.gov/catdir/enhancements/fy1010/2010285493-t.html |
| 942 | _2ddc | ||
| 999 |
_c22573 _d22545 |
||